| 000 | 00604nam a22001817a 4500 | ||
|---|---|---|---|
| 999 |
_c1531 _d1531 |
||
| 001 | 11034 | ||
| 003 | BD-DhUAP | ||
| 005 | 20200209144522.0 | ||
| 008 | 200209s2007 bg ||||| |||| 00| 0 eng d | ||
| 040 |
_aBD-DhUAP _bEng _cBD-DhUAP _dBD-DhUAP |
||
| 082 |
_223 _a348.5492022 BAN |
||
| 245 |
_aIndex of the Bangladesh Code : _bchronological & alphabeticl order. |
||
| 260 |
_aDhaka, Bangladesh : _bMinistry of Law, Justice and Parliamentary Affairs, _c2007. |
||
| 300 |
_a113 pages ; _c24 cm. |
||
| 650 |
_aLaw _zBangladesh. |
||
| 710 | _aGovernment of the People's Republic of Bangladesh. | ||
| 942 |
_2ddc _cBK |
||